Sports Quiz

Random Sports Quiz
Score 0/19 Timer 08:00
0 Plays Today
Titles Team % Correct
9Alabama
100%
8Notre Dame
100%
3Florida
96%
7USC
92%
2Michigan
92%
7Ohio State
88%
4Texas
88%
3LSU
88%
2Florida State
88%
2Auburn
88%
Titles Team % Correct
7Oklahoma
84%
2Army
76%
2Penn State
72%
5Nebraska
68%
3Michigan State
68%
2Tennessee
64%
2Pittsburgh
36%
4Minnesota
28%
5Miami
24%

You're not logged in!

Compare scores with friends on all Sporcle quizzes.
OR
Log In

Sporcle TV

Today on Sporcle TV


Watch our educational content, quiz creation guides, and fun videos on Sporcle TV.

Show Comments

Extras

Created Jan 5, 2013ReportNominate
Tags:Era, last, national, poll, team

Top Quizzes Today


Score Distribution

Paid Content

Your Account Isn't Verified!

In order to create a playlist on Sporcle, you need to verify the email address you used during registration. Go to your Sporcle Settings to finish the process.

Report this User

Report this user for behavior that violates our Community Guidelines.

Details: